Islas urbanas (Record no. 1516)

MARC details
000 -LEADER
campo de control de longitud fija 00465nam a2200133 4500
008 - DATOS DE LONGITUD FIJA--INFORMACIÓN GENERAL
campo de control de longitud fija 708 M672i
082 ## - NÚMERO DE LA CLASIFICACIÓN DECIMAL DEWEY
Número de clasificación 708
Número de ítem M672i
100 ## - ENTRADA PRINCIPAL--NOMBRE DE PERSONA
Nombre de persona Miranda, Ibrahim
9 (RLIN) 6439
245 ## - MENCIÓN DEL TÍTULO
Título Islas urbanas
260 ## - PUBLICACIÓN, DISTRIBUCIÓN, ETC.
Lugar de publicación, distribución, etc. La Habana, Cuba
Nombre del editor, distribuidor, etc. Galería Habana
Fecha de publicación, distribución, etc. 2003
300 ## - DESCRIPCIÓN FÍSICA
Extensión 66 p.
Otras características físicas ill (col)
Dimensiones 29.5 x 21 cm
650 ## - PUNTO DE ACCESO ADICIONAL DE MATERIA--TÉRMINO DE MATERIA
Subdivisión general arte contemporáneo
-- arte - exhibición
-- arte - catálogo de exhibición
-- arte - pintura
-- Cuba
9 (RLIN) 6440
700 ## - ENTRADA AGREGADA--NOMBRE PERSONAL
Nombre de persona Hernández, Orlando & Bruguera, Deborah (curaduría)
9 (RLIN) 6441
Holdings
Estatus retirado Estado de pérdida Fuente del sistema de clasificación o colocación Estado de daño No para préstamo Biblioteca de origen Biblioteca actual Ubicación en estantería Fecha de adquisición Total de préstamos Signatura topográfica completa Código de barras Visto por última vez Precio de reemplazo Tipo de ítem Koha
    Clasificación Decimal Dewey     Biblioteca LadoV Biblioteca LadoV   28/06/2018   708 M672i 001062 28/06/2018 28/06/2018 Material 01